000 00483nam a2200157Ia 4500
008 230907s9999||||xx |||||||||||||| ||und||
082 _a620
_bALI
100 _aSyed Ali Wahaj Abdi (00000275280)
_9116779
245 0 _aPerformance Analysis of Mixed Mode Solar Dryer for Tobacco Leaves /
260 _aUSPCAS-E, NUST,
_bIslamabad :
_c2022
300 _axvi, 63 p.
520 _aTH-445
650 _aMS-TEE Thesis MS Thesis
700 _aDr Naveed Ahmed
_9117775
942 _cTHE
_2ddc
999 _c602123
_d602123